01841cam a22003858i 450000100090000000300050000900500170001400800410003101000170007202000300008902000310011902000270015004000290017704200080020605000230021408200190023710000390025624500900029525000170038526300090040226400370041130000220044833600260047033700280049633800270052450504100055165000380096170000400099970000440103977601670108390600450125094200120129599900190130795201290132621056614NUST20221007092147.0190701s2019 flu b 001 0 eng  a 2019025186 a9781138591288q(hardback) a9781138591264q(paperback) z9780429490521q(ebook) aLBSOR/DLCbengerdacDLC apcc00aTR897.5b.W65 201900a777.7, WIN2231 aWinder, Catherine,eauthor.99942210aProducing animation /cby Catherine Winder, Zahra Dowlatabadi, Tracey Miller-Zarneke. a3rd edition. a1912 1aBoca Raton :bCRC Press,c[2019] axviii, 369: pages atextbtxt2rdacontent aunmediatedbn2rdamedia avolumebnc2rdacarrier0 aIntroduction (Page-1), The animation producer (Page-13), How to identify and sell projects (Page-39),The core team (Page-59),The development process (Page-85),The production plan (Page-127),The production team (Page-165),Pre-production (page-189), Production (Page-229),Post-production (Page-265),Tracking production (Page-289),Building a franchise: distribution, marketing, licensing and more (Page-307). 0aAnimation (Cinematography)9268431 aDowlatabadi, Zahra,eauthor.9994231 aMiller-Zarneke, Tracey,eauthor.99942408iOnline version:aWinder, Catherine.tProducing animationbThird edition.dBoca Raton : CRC Press, Taylor & Francis Group, [2020]z9780429490521w(DLC) 2019025187 a7bcbccorignewd1eecipf20gy-gencatlg 2ddccBK c591557d591557 00102ddc4070aMCSbMCScREFd2022-10-07o777.7,WINpMCS38478r2022-10-07w2022-10-07yBKzAlmirah Fresh No.45, Shelf No.6